Statistiques concernant Filmographie de Francis Ford Coppola

Cliquez ici pour prendre le quiz!

Statistiques générales

  • Ce quiz a été pris 7 fois
  • Le résultat moyen est 13 sur 94

Statistiques - réponses

HintRéponse% Correct
Producteur1979Apocalypse Now
100%
Réalisateur1979Apocalypse Now
100%
Réalisateur1972Le Parrain
100%
Réalisateur1977Le Parrain
100%
Producteur1974Le Parrain 2
100%
Réalisateur1974Le Parrain 2
100%
Réalisateur1990Le Parrain 3
100%
Producteur1990Le Parrain 3
100%
Producteur1992Dracula
57%
Réalisateur1992Dracula
57%
Réalisateur1983Outsiders
43%
Producteur1974Conversation secrète
29%
Réalisateur1974Conversation secrète
29%
Réalisateur1996Jack
29%
Producteur1996Jack
29%
Producteur2003Lost in Translation
29%
Producteur2006Marie-Antoinette
29%
Réalisateur2024Megalopolis
29%
Réalisateur1986Peggy Sue s'est mariée
29%
Réalisateur1983Rusty James
29%
Producteur1983Rusty James
29%
Producteur1999Virgin Suicides
29%
Réalisateur1984Cotton Club
14%
Réalisateur1963Dementia 13
14%
Producteur1999Sleepy Hollow
14%
Producteur2010Somewhere
14%
Producteur2013The Bling Ring
14%
Producteur1973American Graffiti
0%
Producteur2002Assassination Tango
0%
Producteur1999Au cœur du miracle
0%
Producteur1989Bandini
0%
Réalisateur1962Battle Beyond the Sun
0%
Réalisateur1966Big Boy
0%
Réalisateur1986Captain Eo21
0%
Producteur1987Cœur de lion
0%
Réalisateur1982Coup de cœur
0%
Producteur2001CQ
0%
Producteur1994Don Juan DeMarco
0%
Producteur2004Dr Kinsey
0%
Réalisateur1982Faerie Tale Theatre
0%
Producteur1968Filmmaker
0%
Producteur1994Frankenstein
0%
Scénariste1974Gatsby le Magnifique
0%
Producteur1999Goosed
0%
Producteur1982Hammett
0%
Producteur1995Haunted
0%
Réalisateur1987Jardins de pierre
0%
Producteur1987Jardins de pierre
0%
Producteur2001Jeepers Creepers
0%
Producteur2003Jeepers Creepers 2
0%
Producteur1979Kagemusha, l'Ombre du guerrier
0%
Producteur1973La Barbe à papa
0%
Producteur2001La Légende de Suriyothai
0%
Producteur1998Lani-Loa
0%
Réalisateur1968La Vallée du bonheur
0%
Producteur1993Le Jardin secret
0%
Autre1962L'Enterré vivant
0%
Producteur1983Le Retour de l'étalon noir
0%
Réalisateur1969Les Gens de la pluie
0%
Producteur1987Les vrais durs ne dansent pas
0%
Producteur1979L'Étalon noir
0%
Autre1963L'Halluciné
0%
Producteur1963L'Halluciné
0%
Producteur2007L'Homme sans âge
0%
Réalisateur2007L'Homme sans âge
0%
Réalisateur1997L'Idéaliste
0%
Réalisateur1962L'Ouest sauvage et nu
0%
Producteur1962L'Ouest sauvage et nu
0%
Producteur1985Mishima
0%
Producteur1997Mon copain Buddy
0%
Réalisateur1989New York Stories, segment La vie sans Zoé
0%
Scénariste1973Nos plus belles années
0%
Producteur2001No Such Thing
0%
Scénariste1966Paris brûle-t-il ?
0%
Scénariste1970Patton
0%
Producteur1988Powaqqatsi
0%
Scénariste1966Propriété interdite
0%
Producteur2002Pumpkin
0%
Producteur2006Raisons d'État
0%
Producteur1995Rêves de famille
0%
Autre2000Supernova de Walter Hill
0%
Producteur2012Sur la route
0%
Producteur2009Tetro
0%
Réalisateur2009Tetro
0%
Réalisateur1962The Bellboy and the Playgirls
0%
Producteur1982The Escape Artist
0%
Producteur1999The Florentin
0%
Autre2022The Offer
0%
Autre1962The Young Racers
0%
Producteur1971THX 1138
0%
Réalisateur1988Tucker
0%
Producteur2012Twixt
0%
Réalisateur2011Twixt
0%
Producteur1992Wind
0%

Distribution des résultats

Percentile par nombre de réponses

% des personnes avec chaque résultat

Votre développement - résultats

Vous n’avez pas pris ce quiz